000 00950cam a22003134a 4500
001 13564088
003 OSt
005 20140310184341.0
008 040420s2005 nyua j 000 0 eng
010 _a 2004048225
020 _a0439803918
040 _aDLC
_cDLC
_dDLC
042 _apcc
050 0 0 _aQL 696.S8
_bG53 2005
082 0 0 _a598.9/7
100 1 _aGibbons, Gail.
_923032
245 1 0 _aOwls /
_cGail Gibbons.
250 _a1st ed.
260 _aNew York :
_bHoliday House,
_cc2005.
300 _a32 p. :
_bcol. ill. ;
_c26 cm.
521 _aG5
526 _c760
562 _efor circulation. 1 copy available in the collection
650 0 _aOwls
_vJuvenile literature.
_924590
906 _a7
_bcbc
_corignew
_d1
_eocip
_f20
_gy-gencatlg
942 _2lcc
_cBK-SCHOLAS
999 _c33834
_d33834